[Event "Titled Tuesday intern op 19th Sep Early"]
[Site "Chess.com INT"]
[Date "2023.09.19"]
[Round "5"]
[White "Tabuenca Mendataurigoitia, Daniel"]
[Black "Ajavon, Anthony Obieni"]
[Result "1-0"]
[WhiteElo "2374"]
[BlackElo "1874"]
[PlyCount "79"]
[EventDate "2023.09.19"]
[EventType "swiss (blitz)"]
[EventRounds "11"]
[EventCountry "USA"]
[SourceTitle "EXT 2024"]
[Source "ChessBase"]
[SourceDate "2023.10.10"]
[SourceVersion "1"]
[SourceVersionDate "2023.10.10"]
[SourceQuality "1"]

1. c4 Nf6 2. Nc3 g6 3. d4 Bg7 4. e4 0-0 5. Nf3 d6 6. Be2 e5 7. d5 a5 8. h3 Nbd7 9. Be3 Nh5 10. g3 h6 11. Nd2 Nhf6 12. Qc2 Nc5 13. 0-0-0 b6 14. g4 Kh8 15. Rdg1 Ne8 16. h4 f5 17. gxf5 gxf5 18. f3 f4 19. Bf2 Bd7 20. Rg6 Rf6 21. Rg2 Qe7 22. h5 Rf7 23. Rg6 Nf6 24. a3 a4 25. Bh4 Rg8 26. Rhg1 Kh7 27. Qd1 Qe8 28. Bxf6 Rxf6 29. b4 Rxg6 30. hxg6+ Kh8 31. bxc5 bxc5 32. Qe1 Qb8 33. Rh1 Qb6 34. Rh5 Rb8 35. Nb5 c6 36. Qh1 cxb5 37. Rxh6+ Kg8 38. Rh8+ Bxh8 39. Qh7+ Kf8 40. Qf7# 1-0

[Event "Titled Tuesday intern op 27th Jun Early"]
[Site "Chess.com INT"]
[Date "2023.06.27"]
[Round "2"]
[White "Abdilkhair, Abilmansur"]
[Black "Ajavon, Anthony Obieni"]
[Result "1-0"]
[WhiteElo "2232"]
[BlackElo "1874"]
[PlyCount "47"]
[EventDate "2023.06.27"]
[EventType "swiss (blitz)"]
[EventRounds "11"]
[EventCountry "USA"]
[SourceTitle "EXT 2024"]
[Source "ChessBase"]
[SourceDate "2023.10.10"]
[SourceVersion "1"]
[SourceVersionDate "2023.10.10"]
[SourceQuality "1"]

1. e4 d6 2. d4 Nf6 3. Nc3 g6 4. g3 Bg7 5. Bg2 0-0 6. Nge2 Nbd7 7. 0-0 e5 8. h3 Re8 9. Be3 exd4 10. Bxd4 Nb6 11. Re1 c6 12. Nf4 Qc7 13. a4 Be6 14. a5 Nc4 15. b3 Nxa5 16. e5 dxe5 17. Bxe5 Qb6 18. Na4 Qb4 19. Bc3 Qb5 20. Bf1 Qf5 21. Bd3 Qg5 22. h4 Qg4 23. Bxa5 Qh3 24. Nxh3 1-0

[Event "Titled Tuesday intern op 27th Jun Early"]
[Site "Chess.com INT"]
[Date "2023.06.27"]
[Round "10"]
[White "Ajavon, Anthony Obieni"]
[Black "Garcia Correa, Jose Ricardo"]
[Result "0-1"]
[WhiteElo "1874"]
[BlackElo "2103"]
[PlyCount "86"]
[EventDate "2023.06.27"]
[EventType "swiss (blitz)"]
[EventRounds "11"]
[EventCountry "USA"]
[SourceTitle "EXT 2024"]
[Source "ChessBase"]
[SourceDate "2023.10.10"]
[SourceVersion "1"]
[SourceVersionDate "2023.10.10"]
[SourceQuality "1"]

1. d4 Nf6 2. c4 e6 3. Nc3 d5 4. Bg5 c6 5. e3 Nbd7 6. cxd5 exd5 7. Nf3 Be7 8. Bd3 0-0 9. Qc2 Re8 10. 0-0-0 g6 11. h4 Nf8 12. Ne5 Ng4 13. Nxg4 Bxg4 14. f3 Bxg5 15. hxg5 Bc8 16. e4 Qxg5+ 17. Kb1 Be6 18. Rdf1 Rac8 19. f4 Qd8 20. e5 c5 21. dxc5 Rxc5 22. Qf2 Rxc3 23. bxc3 Qa5 24. Qb2 Rc8 25. Qb4 Qc7 26. Rc1 a5 27. Qb2 b5 28. Ka1 Rb8 29. Qe2 Qc5 30. g4 d4 31. f5 Bd5 32. f6 Bxh1 33. Qh2 Qxe5 34. Qxe5 dxc3 35. Qxb8 b4 36. Re1 h5 37. Re8 Kh7 38. Rxf8 Kh6 39. Rxf7 Kg5 40. Rh7 Be4 41. Rh6 Bxd3 42. Qf8 c2 43. f7 c1Q# 0-1

[Event "Titled Tuesday intern op 27th Jun Early"]
[Site "Chess.com INT"]
[Date "2023.06.27"]
[Round "6"]
[White "Osinovsky, Stepan"]
[Black "Ajavon, Anthony Obieni"]
[Result "1-0"]
[WhiteElo "2241"]
[BlackElo "1874"]
[PlyCount "59"]
[EventDate "2023.06.27"]
[EventType "swiss (blitz)"]
[EventRounds "11"]
[EventCountry "USA"]
[SourceTitle "EXT 2024"]
[Source "ChessBase"]
[SourceDate "2023.10.10"]
[SourceVersion "1"]
[SourceVersionDate "2023.10.10"]
[SourceQuality "1"]

1. Nf3 d5 2. g3 Nf6 3. Bg2 Bg4 4. 0-0 e6 5. d3 Nc6 6. c4 Be7 7. cxd5 exd5 8. a3 0-0 9. b4 Re8 10. Bb2 h6 11. Nbd2 Qd7 12. b5 Na5 13. Ne5 Qxb5 14. Rb1 Be6 15. Bc3 Qa6 16. Qa4 b6 17. Nb3 Bd6 18. Nc6 Bd7 19. Bxf6 Bxc6 20. Qg4 Bf8 21. Nd4 Kh8 22. Nf5 gxf6 23. Qh4 Re6 24. Rb4 Nc4 25. dxc4 dxc4 26. Rxc4 Bxg2 27. Kxg2 Re5 28. Qxf6+ Kh7 29. Qxf7+ Bg7 30. Qxg7# 1-0